00235nam a2200073Ia 4500008004100000100002500041245008000066260001500146120527s9999 xx 000 0 und d aOLAYINKA, KIO-Folake aSituation analysis of support groups for people living with Hiv/Aids in Nig bAction aid